Mẫu cửa sắt : 200 mẫu cửa panel

保存先:
書誌詳細
第一著者: Hùng Thắng
フォーマット: 図書
言語:Undetermined
出版事項: Tp. HCM Thanh Niên 2002
主題:
タグ: タグ追加
タグなし, このレコードへの初めてのタグを付けませんか!
Thư viện lưu trữ: Trung tâm Học liệu Trường Đại học Cần Thơ
LEADER 00563nam a2200193Ia 4500
001 CTU_57052
008 210402s9999 xx 000 0 und d
020 |b 36000 
082 |a 739.4 
082 |b H513 
100 |a Hùng Thắng 
245 0 |a Mẫu cửa sắt : 200 mẫu cửa panel 
245 0 |c Hùng Thắng và Văn Tuấn 
260 |a Tp. HCM 
260 |b Thanh Niên 
260 |c 2002 
650 |a art metal-work,architecture,ironwork 
650 |x design and plans 
980 |a Trung tâm Học liệu Trường Đại học Cần Thơ